Nghiên cứu dùng rơm ủ phân heo và chất thải từ xí nghiệp giết mổ tập trung thành phố Cần Thơ
Nghiên cứu phương pháp dùng rơm để ủ phân heo và chất thải từ xí nghiệp giết mổ, nhằm làm giảm sự mất dưỡng, chất trong chất thải của vật nuôi. Ngăn ngừa sự lan truyền mầm bệnh từ chất thải trong chăn nuôi và xí nghiệp giết mổ ta...
Gorde:
| Egile nagusia: | |
|---|---|
| Formatua: | Liburua |
| Hizkuntza: | Undetermined |
| Argitaratua: |
Cần Thơ
Trường Đại học Cần Thơ
2001
|
| Gaiak: | |
| Etiketak: |
Etiketa erantsi
Etiketarik gabe, Izan zaitez lehena erregistro honi etiketa jartzen!
|
| Thư viện lưu trữ: | Trung tâm Học liệu Trường Đại học Cần Thơ |
|---|
| LEADER | 01110nam a2200205Ia 4500 | ||
|---|---|---|---|
| 001 | CTU_83284 | ||
| 008 | 210402s9999 xx 000 0 und d | ||
| 082 | |a 631.861 | ||
| 082 | |b V121 | ||
| 088 | |a 60620105 | ||
| 100 | |a Nguyễn, Thị Thu Vân | ||
| 245 | 0 | |a Nghiên cứu dùng rơm ủ phân heo và chất thải từ xí nghiệp giết mổ tập trung thành phố Cần Thơ | |
| 245 | 0 | |c Nguyễn Thị Thu Vân | |
| 260 | |a Cần Thơ | ||
| 260 | |b Trường Đại học Cần Thơ | ||
| 260 | |c 2001 | ||
| 520 | |a Nghiên cứu phương pháp dùng rơm để ủ phân heo và chất thải từ xí nghiệp giết mổ, nhằm làm giảm sự mất dưỡng, chất trong chất thải của vật nuôi. Ngăn ngừa sự lan truyền mầm bệnh từ chất thải trong chăn nuôi và xí nghiệp giết mổ tập trung ra môi trường xung quanh. | ||
| 650 | |a Animal wastes | ||
| 904 | |i Tuyến, Qhieu | ||
| 980 | |a Trung tâm Học liệu Trường Đại học Cần Thơ | ||